000 00306nam a22001457a 4500
008 210518b ||||| |||| 00| 0 eng d
020 _a0374509220
041 _aeng
080 _a82
082 _a82
100 _a21
101 _aGJL
245 _aThe All American Boy
_cEastman,Ch
942 _2udc
_cBK
999 _c57383
_d57383